[Event "ISL-chT2 1011"]
[Site "Reykjavik"]
[Date "2010.10.09"]
[Round "2.4"]
[White "Halldorsson, Bragi"]
[Black "Petursson, Daniel"]
[Result "1-0"]
[WhiteElo "2205"]
[BlackElo "1940"]
[PlyCount "45"]
[EventDate "2010.10.08"]
[EventType "team"]
[EventRounds "7"]
[EventCountry "ISL"]
[SourceTitle "EXT 2014"]
[Source "ChessBase"]
[SourceDate "2013.11.20"]
[SourceVersion "1"]
[SourceVersionDate "2013.11.20"]
[SourceQuality "1"]

1. d4 Nf6 2. c4 e6 3. Nc3 b6 4. e4 Bb4 5. Bd3 Bb7 6. f3 Nh5 7. Be3 Bxc3+ 8. bxc3 d6 9. Ne2 c5 10. 0-0 Nd7 11. Qc2 h6 12. f4 e5 13. Rf3 Nhf6 14. Ng3 g6 15. Raf1 Ng4 16. Bd2 exd4 17. cxd4 Qh4 18. h3 Ngf6 19. Be1 Nh5 20. Nf5 Qf6 21. e5 dxe5 22. fxe5 Qc6 23. Nd6+ 1-0

[Event "Hafnarfjordur-ch"]
[Site "Reykjavik"]
[Date "2007.12.16"]
[Round "7"]
[White "Petursson, Daniel"]
[Black "Palsson, Svanberg Mar"]
[Result "1-0"]
[WhiteElo "1975"]
[BlackElo "1829"]
[PlyCount "103"]
[EventDate "2007.12.13"]
[EventType "swiss"]
[EventRounds "7"]
[EventCountry "ISL"]
[SourceTitle "CBM 122 Extra"]
[Source "ChessBase"]
[SourceDate "2008.03.04"]
[SourceVersion "1"]
[SourceVersionDate "2008.03.04"]
[SourceQuality "1"]

1. e4 c5 2. Nf3 e6 3. Nc3 a6 4. Be2 Qc7 5. d4 cxd4 6. Nxd4 Nf6 7. 0-0 Bb4 8. Bg5 Bxc3 9. Bxf6 gxf6 10. bxc3 Qxc3 11. Rb1 Nc6 12. Nxc6 Qxc6 13. Bf3 e5 14. Qd2 b5 15. Rfd1 Bb7 16. a4 bxa4 17. Qb4 Rb8 18. Bg4 a5 19. Qa3 Rd8 20. Rd3 Ba8 21. Rc3 Qxe4 22. f3 Qd4+ 23. Kh1 d6 24. Rd3 Qf4 25. Rxd6 0-0 26. Bh5 Rxd6 27. Qxd6 f5 28. Qd7 Qg5 29. Bxf7+ Rxf7 30. Qe8+ Rf8 31. Qe6+ Kh8 32. Qxe5+ Qg7 33. Qxa5 Rg8 34. Qd2 a3 35. c3 Bd5 36. g3 f4 37. Qxd5 fxg3 38. Qd4 gxh2 39. Qxg7+ Rxg7 40. Kxh2 a2 41. Ra1 Ra7 42. Kg3 Kg7 43. c4 Ra4 44. f4 Kf6 45. Kg4 Ra5 46. c5 Ke6 47. f5+ Kd5 48. f6 Kxc5 49. f7 Ra8 50. Rxa2 Rf8 51. Ra7 Kd6 52. Kf5 1-0

[Event "Hafnarfjordur-ch"]
[Site "Reykjavik"]
[Date "2007.12.16"]
[Round "6"]
[White "Sigurjonsson, Siguringi"]
[Black "Petursson, Daniel"]
[Result "1-0"]
[WhiteElo "1902"]
[BlackElo "1975"]
[PlyCount "121"]
[EventDate "2007.12.13"]
[EventType "swiss"]
[EventRounds "7"]
[EventCountry "ISL"]
[SourceTitle "CBM 122 Extra"]
[Source "ChessBase"]
[SourceDate "2008.03.04"]
[SourceVersion "1"]
[SourceVersionDate "2008.03.04"]
[SourceQuality "1"]

1. e4 e5 2. d4 exd4 3. Qxd4 Nc6 4. Qe3 Nf6 5. Nc3 Bb4 6. Bd2 Qe7 7. 0-0-0 0-0 8. f3 d6 9. g4 Re8 10. Nh3 d5 11. Nxd5 Nxd5 12. exd5 Qxe3 13. Bxe3 Rxe3 14. dxc6 Be6 15. cxb7 Rb8 16. Ba6 Bd6 17. Rhf1 h5 18. Rde1 Rxe1+ 19. Rxe1 hxg4 20. fxg4 Bxh2 21. Nf2 Bg3 22. Rf1 Bd5 23. Nd3 Bxb7 24. Bc4 Rf8 25. Nc5 Bc8 26. g5 g6 27. Kd2 Bf5 28. c3 Kg7 29. b4 Rh8 30. Nb3 Rh2+ 31. Ke3 Rc2 32. Kd4 Rxa2 33. Kc5 Bh4 34. Nd4 Rf2 35. Ra1 Bxg5 36. Rxa7 Bd7 37. Rxc7 Bg4 38. Ne6+ Bxe6 39. Bxe6 Be3+ 40. Kb5 g5 41. c4 Kg6 42. Bd5 g4 43. Rc8 f5 44. c5 Rd2 45. Bb7 Rb2 46. c6 Bf4 47. c7 Bxc7 48. Rxc7 f4 49. Be4+ Kg5 50. Rg7+ Kh4 51. Rh7+ Kg5 52. Rg7+ Kh4 53. Bf5 Rg2 54. Kc6 f3 55. Be4 Kg3 56. b5 Rh2 57. b6 Kf4 58. b7 Rb2 59. Bd3 g3 60. Bb5 Ke3 61. Rxg3 1-0

[Event "Hafnarfjordur-ch"]
[Site "Reykjavik"]
[Date "2007.12.14"]
[Round "3"]
[White "Fridgeirsson, Dagur Andri"]
[Black "Petursson, Daniel"]
[Result "1/2-1/2"]
[WhiteElo "1804"]
[BlackElo "1975"]
[PlyCount "111"]
[EventDate "2007.12.13"]
[EventType "swiss"]
[EventRounds "7"]
[EventCountry "ISL"]
[SourceTitle "CBM 122 Extra"]
[Source "ChessBase"]
[SourceDate "2008.03.04"]
[SourceVersion "1"]
[SourceVersionDate "2008.03.04"]
[SourceQuality "1"]

1. d4 Nf6 2. c4 e5 3. dxe5 Ng4 4. Qd4 h5 5. Nf3 Bb4+ 6. Nc3 Nc6 7. Qe4 Qe7 8. Bg5 Qc5 9. e3 Bxc3+ 10. bxc3 Qa3 11. Qc2 Ngxe5 12. Nxe5 Nxe5 13. Be2 Qc5 14. Qe4 d6 15. f4 f5 16. Qd4 Qxd4 17. cxd4 Ng4 18. h3 Nf6 19. Bxf6 gxf6 20. Bf3 c6 21. Kd2 h4 22. Rab1 Rh7 23. Rhe1 Kd8 24. e4 Kc7 25. Re3 fxe4 26. Bxe4 Rg7 27. Bf3 Bd7 28. Rbe1 Rag8 29. Kc3 Kd8 30. a4 a5 31. c5 d5 32. Kd2 Bf5 33. Ke2 Be4 34. Bxe4 dxe4 35. Rxe4 Rxg2+ 36. Kd3 Ra2 37. Re6 f5 38. d5 Rxa4 39. dxc6 Rg3+ 40. Kc2 Rc4+ 41. Kd2 Rd4+ 42. Kc2 bxc6 43. Rxc6 Kd7 44. Rd6+ Rxd6 45. cxd6 Rf3 46. Ra1 Rxf4 47. Rxa5 Kxd6 48. Kd2 Ke6 49. Ke3 Rb4 50. Ra3 Kf6 51. Kf3 Kg5 52. Rc3 Rb1 53. Ra3 Rh1 54. Kg2 Re1 55. Kf3 Kf6 56. Ra4 1/2-1/2